000 00678nas a2200241 i 4500
001 827
003 ES-MaACL
005 20250724062536.0
007 t|
008 950801d19131920sp mr 0 1 |spa d
080 _a(460)
080 _a008
245 0 0 _aEstudio :
_brevista mensual de artes, ciencias y literatura /
_c[dir., Aurelio Ras].
260 _aBarcelona :
_bTip. de La Académica,
_c1913-1920.
300 _av. :
_bil. ;
_c25 cm.
310 _aMensual
362 0 _aAño I, t. I (en. 1913)-(nov. 1920)
650 7 _aCultura
_2embne
_9170963
700 1 _aRas, Aurelio.
_995476
852 4 _aES-MaACL
_jB-7419-7450
866 1 _o1913-20
999 _c827
_d827